Airline Disasters Quiz - Statistics

General Stats
  • This quiz has been taken 72 times
  • The average score is 12 of 16
Answer Stats
Hint Year Answer % Correct
Hijackers flew two Boeing 767s into the World Trade Center towers in New York, resulting in the deaths of 2753 people. 2001 American Airlines / United Airlines
100%
When a McDonnell Douglas DC-10 lost its left engine on takeoff at Chicago O'Hare Airport, the resulting crash killed all 273 passengers and crew. 1979 American Airlines
93%
Unorthodox rudder inputs caused the crash of an Airbus A3000 in the Belle Harbor neighborhood of Queens, New York. 260 passengers and crew on board perished, as did five people on the ground. 2001 American Airlines
93%
Two Boeing 747s collided on the runway at Los Rodeos Airport on the Spanish island of Tenerife. 583 people were killed. 1977 KLM / Pan Am
91%
A Boeing 747 lost part of its tail following the rupture of a previous repair. This caused an explosive decompression and damage to the hydraulic system. The aircraft crashed into a Japanese mountain, killing 520 people. 1985 Japan Air Lines
86%
A Boeing 747 crashed off the coast of Ireland when a bomb exploded in its cargo hold. All 329 people on board perished. 1985 Air India
83%
A Boeing 787 crashed into a medical hostel soon after take-off from Ahmedabad Airport, killing all but one of its occupants as well as numerous people on the ground. The total death toll was 275. 2025 Air India
83%
A Boeing 777 was shot down near the border of Russia and Ukraine, resulting in the deaths of all 298 passengers and crew. 2014 Malaysia Airlines
78%
301 people died when a Lockheed L-1011 caught on fire, despite the aircraft making an emergency landing at Riyadh airport. 1980 Saudia
76%
A Boeing 747 and an Ilyushin Il-76 collided in the air over the village of Charkhi Dadri in India, causing the deaths of all 349 people on board both aircraft. 1996 Saudia / Kazakhstan Airlines
76%
A bomb detonated on board a Boeing 747, and it crashed on the town of Lockerbie in Scotland. 259 passengers and crew died, as well as eleven people on the ground. 1988 Pan Am
74%
A Boeing 747 flew into Soviet airspace and was shot down and crashed west of Sakhalin Island, killing all 269 on board the aircraft. 1983 Korean Air Lines
72%
The rear cargo door failed on a McDonnell DC-10, leading to a loss of control. The aircraft crashed into a forest near Paris. All 346 passengers and crew on board died. 1974 Turkish Airlines
64%
Over the Strait of Hormuz, an Airbus A-300 was struck by a missile. It crashed into the ocean and all 290 people on board were killed. 1988 Iran Air
53%
Pilot error resulted in the crash of an Airbus A300 at Nagoya Airport in Japan. 264 passengers and crew died; seven survived. 1994 China Airlines
52%
A Douglas DC-8 experienced a fire when two of its tires ignited on take-off from Jeddah in Saudi Arabia. It crashed before it could return to the airport, killing 261 people. 1991 Nigeria Airways
26%
No matching quizzes found
Score Distribution
Percent of People with Each Score
Percentile by Number Answered
Your Score History
You have not taken this quiz